000
00337nam a2200169Ia 4500
100
_a
Danielle/Steel
650
_a
Fiction
942
_c
BK
366
_f
20
654
_a
Family album
245
_a
Family Album
260
_b
Sphers
_c
1985
082
_a
808.83
_b
DAN
300
_a
400
546
_a
ENGLISH
_c
Computers
999
_c
32088
_d
32088